Grand Piano - Nicki Minaj Lyrics - Statistics

General Stats
  • This quiz has been taken 26 times
  • The average score is 114 of 150
Answer Stats
Hint Lyrics % Correct
a
100%
grand
100%
2x piano
100%
V1 | V2 Am
95%
and
95%
And
95%
I
95%
just
95%
Like
95%
my
95%
11x on
95%
play
95%
that
95%
C | PreC The
95%
the
95%
you?
95%
you
95%
are
89%
fool
89%
to
89%
been
84%
girl?
84%
have
84%
heart
84%
people
84%
playin'
84%
sayin'
84%
silly
84%
for
79%
in
79%
lovin'
79%
one
79%
So
79%
talkin'
79%
Blind
74%
Cold-
74%
naive
74%
who
74%
hearted
68%
hearted,
68%
of
68%
remain
68%
shame
68%
stupid
68%
think
68%
this
68%
were
68%
young
68%
came
63%
claim
63%
dark
63%
now
63%
take
63%
all
47%
see
47%
do
42%
I'm
42%
What
42%
frame
37%
keep
37%
Maybe
37%
addicted
32%
things
32%
'Cause
26%
thinkin'
26%
foolish
21%
fools?
21%
had
21%
jewels
21%
lies
21%
queen
21%
up
21%
Wrapped
21%
you'll
21%
No matching quizzes found
Score Distribution
Percent of People with Each Score
Percentile by Number Answered
Your Score History
You have not taken this quiz